000 00735cam a2200253 4500500
005 20260419001054.0
041 _afre
042 _adc
100 1 0 _ad'Iribarne, Philippe
_eauthor
700 1 0 _aGherardi, Sophie
_eauthor
245 0 0 _a“En France, on aime son travail quand on peut y mettre de la grandeur”
260 _c2023.
500 _a28
690 _aBonheur
690 _aEntreprise
690 _aManagement
690 _aManagement interculturel
690 _aOrganisation
690 _aSens
690 _aTravail
690 _aValeurs
786 0 _nPhilonomist | - | 2 | 2023-02-17 | p. 77-85
856 4 1 _uhttps://shs.cairn.info/magazine-philonomist-2023-2-page-77?lang=fr&redirect-ssocas=7080
999 _c2212710
_d2212710